Петербургские сюжеты (Запись № 1506130)

Подробности
000 -МАРКЕР
контрольное поле 01406nam0a2200337 4500
001 - ИДЕНТИФИКАТОР ЗАПИСИ
контрольное поле RU\NLR\bibl\1456390
005 - ИДЕНТИФИКАТОР ВЕРСИИ
контрольное поле 20260408195131.0
010 ## - МЕЖДУНАРОДНЫЙ СТАНДАРТНЫЙ НОМЕР КНИГИ (ISBN)
Номер (ISBN) 978-5-9524-4377-8
Тираж 3000
021 ## - НОМЕР ГОСУДАРСТВЕННОЙ РЕГИСТРАЦИИ
Код страны Российская Федерация
Номер 2009-91370
Номер Листа государственной регистраци 5774
035 ## - ДРУГИЕ СИСТЕМНЫЕ НОМЕРА
Идентификатор записи (NLR Aleph) 001448189
100 ## - ДАННЫЕ ОБЩЕЙ ОБРАБОТКИ
Данные общей обработки 20090814d2009 |||y0rusy50 ca
101 0# - ЯЗЫК РЕСУРСА
Язык текста, звукозаписи и т.д. русский
102 ## - СТРАНА ПУБЛИКАЦИИ ИЛИ ПРОИЗВОДСТВА
Страна публикации Российская Федерация
105 ## - ПОЛЕ КОДИРОВАННЫХ ДАННЫХ: ТЕКСТОВЫЕ МАТЕРИАЛЫ, МОНОГРАФИЧЕСКИЕ
Кодированные данные о монографическом текстовом документе a |||||||||
200 1# - ЗАГЛАВИЕ И СВЕДЕНИЯ ОБ ОТВЕТСТВЕННОСТИ
Основное заглавие Петербургские сюжеты
Сведения, относящиеся к заглавию о жизни людей известных и не очень
Первые сведения об ответственности Ларисса Бройтман
210 ## - ПУБЛИКАЦИЯ, РАСПРОСТРАНЕНИЕ И ДР.
Место издания, распространения и т.д. Москва
Имя издателя, распространителя и т. д. Центрполиграф
Место издания, распространения и т.д. Санкт-Петербург
Имя издателя, распространителя и т. д. МиМ-Дельта
Дата издания, распространения и т.д. 2009
215 ## - ФИЗИЧЕСКАЯ ХАРАКТЕРИСТИКА
Специфическое обозначение материала и объем 428, [2] с.
Другие сведения о физической характеристике ил., портр.
Размеры 21
320 ## - ПРИМЕЧАНИЯ О НАЛИЧИИ В ДОКУМЕНТЕ БИБЛИОГРАФИИ / УКАЗАТЕЛЯ
Текст примечания Библиогр. в примеч.: с. 389-411
320 ## - ПРИМЕЧАНИЯ О НАЛИЧИИ В ДОКУМЕНТЕ БИБЛИОГРАФИИ / УКАЗАТЕЛЯ
Текст примечания Имен. указ.: с. 412-429
606 ## - НАИМЕНОВАНИЕ ТЕМЫ КАК ПРЕДМЕТ
Наименование темы Здания
Тематический подзаголовок История
Географический подзаголовок Санкт-Петербург, город
Идентификатор авторитетной/нормативной записи RU\NLR\auth\661386378
Системный номер авторитетной/нормативной записи 2317050
607 ## - ГЕОГРАФИЧЕСКОЕ НАИМЕНОВАНИЕ КАК ПРЕДМЕТ
Географическое наименование Санкт-Петербург, город
Тематический подзаголовок История
-- Деятели
Системный номер авторитетной/нормативной записи 2380640
Идентификатор авторитетной/нормативной записи RU\NLR\auth\661420401
686 ## - ИНДЕКСЫ ДРУГИХ КЛАССИФИКАЦИЙ
Индекс Т3(2-2СПб)
686 ## - ИНДЕКСЫ ДРУГИХ КЛАССИФИКАЦИЙ
Индекс Т3(2-2СПб)0-8
700 #1 - ИМЯ ЛИЦА - ПЕРВИЧНАЯ ОТВЕТСТВЕННОСТЬ
Код отношения Автор
Материалы, к которым относится поле rus
Графика поля Кириллица
Начальный элемент ввода Бройтман
Часть имени, кроме начального элемента ввода Л. И.
Даты 1928-2014
Расширение инициалов личного имени Ларисса Ильинична
Идентификатор авторитетной/нормативной записи RU\NLR\auth\7721057
Системный номер авторитетной/нормативной записи 4123
801 #0 - ИСТОЧНИК ЗАПИСИ
Страна Российская Федерация
Организация NLR
Дата составления 20090814
Правила каталогизации RCR
801 #1 - ИСТОЧНИК ЗАПИСИ
Страна Российская Федерация
Организация NLR
Дата составления 20090814
830 ## - ОБЩЕЕ ПРИМЕЧАНИЕ, СОСТАВЛЕННОЕ КАТАЛОГИЗАТОРОМ
Текст примечания авт. по кн.
942 ## - ДОПОЛНИТЕЛЬНЫЕ ЭЛЕМЕНТЫ ЗАПИСИ (АБИС)
Тип экземпляра АБИС Книга
980 ## - КОЛЛЕКЦИЯ
Название коллекции Национальная библиография
Экземпляры
Тип экземпляра Дата поступления Источник поступления Библиотека постоянного хранения Библиотека текущего хранения Место хранения Шифр хранения Штрих-код Статус экземпляра Стоимость
Книга 22.12.2009 Обязательный экземпляр РНБ (Московский) РНБ (Московский) Русский книжный фонд: издания с 1957 года 2009-3/42125 1-1498816    
Книга 22.12.2009 Обязательный экземпляр РНБ (Московский) РНБ (Московский) Русский книжный фонд: издания с 1957 года 2009-3/42125 3072443    
Книга 12.01.2010 Покупка РНБ (Московский) РНБ (Московский) Фонд общего зала литературы по филологии, педагогике и искусству (гуманитарной литературы) Л1 Щ113(2Р=Р)92СПб/Б-882 1-461674   350.00
Книга 23.04.2019 Покупка РНБ (Московский) РНБ (Московский) Обменный фонд   1-2668374   170.00
Книга 12.01.2010 Покупка РНБ (Садовая) РНБ (Садовая) Универсальный читальный зал У Т3(2-2СПб)/Б-882 1-118123   350.00
Книга 12.01.2010 Покупка РНБ (Садовая) РНБ (Садовая) Фонд Абонемента (Садовая) Аб Т3(2=СПб)/Б-88 3078170   350.00
Книга 30.05.2017 Покупка РНБ (Садовая) РНБ (Садовая) Фонд международного книгообмена   1-1281081   297.00
Книга 23.04.2019 Покупка РНБ (Садовая) РНБ (Садовая) Фонд международного книгообмена   1-2668376 Доставлен в Фoнд 297.00
Книга 23.04.2019 Покупка РНБ (Садовая) РНБ (Садовая) Фонд международного книгообмена   1-2668375 Доставлен в Фoнд 297.00
Книга 12.01.2010 Покупка РНБ (Фонтанка) РНБ (Фонтанка) Юношеский читальный зал Ю Т3(2=2СПб)/Б-88 1-545816   350.00